[Event "119th NZL-ch op"]
[Site "Queenstown NZL"]
[Date "2012.01.19"]
[Round "5"]
[White "Rozentalis, Eduardas"]
[Black "Akshat, Khamparia"]
[Result "1-0"]
[WhiteElo "2592"]
[BlackElo "2414"]
[EventDate "2012.01.15"]
[PlyCount "105"]

1.e4 c5 2.c3 d6 3.d4 Nf6 4.Bd3 Nc6 5.Nf3 e5 6.dxc5 dxc5 7.Na3 Bd6 8.Bg5 h6
9.Bxf6 Qxf6 10.Nc4 O-O 11.Ne3 Ne7 12.O-O Bd7 13.a4 Bc6 14.Re1 Rad8 15.Qe2 
Bb8 16.Bb5 a6 17.Bxc6 Qxc6 18.Qc2 Rd7 19.h3 Rfd8 20.c4 Qe6 21.Nd5 Nc6 22.
Rad1 f6 23.Qe2 Rf7 24.Nh4 Kh7 25.Qh5 Rff8 26.Qg6+ Kh8 27.Rd3 Nd4 28.Rg3 
Qf7 29.Qg4 g5 30.Nf5 h5 31.Qd1 Qg6 32.Rd3 Rde8 33.a5 Rf7 34.Qa4 Ref8 35.
Nde3 Rd8 36.Qa3 Ba7 37.Kf1 Rfd7 38.Nd5 Nxf5 39.exf5 Qxf5 40.Rf3 Qc2 41.Qc3
Qxc3 42.bxc3 Rf7 43.Rxf6 Rxf6 44.Nxf6 Kg7 45.Nxh5+ Kg6 46.Ng3 Bb8 47.Rb1 
Bc7 48.Rxb7 Bxa5 49.Ne4 Ra8 50.Ke2 Kf5 51.Rf7+ Kg6 52.Rf6+ Kg7 53.Rc6 1-0

[Event "119th NZL-ch op"]
[Site "Queenstown NZL"]
[Date "2012.01.19"]
[Round "5"]
[White "Safarian, Alek"]
[Black "Garbett, Paul Anthony"]
[Result "0-1"]
[WhiteElo "2036"]
[BlackElo "2290"]
[EventDate "2012.01.15"]
[PlyCount "72"]

1.d4 e6 2.c4 Bb4+ 3.Bd2 a5 4.g3 Nc6 5.Bg2 d6 6.Nf3 e5 7.Bxb4 axb4 8.dxe5 
dxe5 9.Qxd8+ Kxd8 10.O-O Nf6 11.a4 Ke7 12.Rd1 Re8 13.e3 Kf8 14.Nbd2 Bf5 
15.Ne1 e4 16.Nb3 Bg4 17.Rdc1 h5 18.h3 Bd7 19.Nc2 Ra7 20.Nc5 Re5 21.Nxd7+ 
Nxd7 22.Nd4 Nc5 23.b3 Re7 24.Nxc6 bxc6 25.Rab1 Rd7 26.Rd1 Rd6 27.Rd4 Ra8 
28.Bxe4 Rxd4 29.Bxc6 Rdd8 30.Bxa8 Rxa8 31.g4 hxg4 32.hxg4 Rd8 33.a5 Ra8 
34.Ra1 Ke7 35.Kg2 Ra6 36.Kg3 Nb7 0-1

[Event "119th NZL-ch op"]
[Site "Queenstown NZL"]
[Date "2012.01.19"]
[Round "5"]
[White "Schon, Eugene"]
[Black "Maroroa, Sue"]
[Result "1-0"]
[WhiteElo "2188"]
[BlackElo "2020"]
[EventDate "2012.01.15"]
[PlyCount "55"]

1.c4 Nf6 2.Nc3 e6 3.e4 e5 4.Nf3 Nc6 5.Be2 d6 6.d4 exd4 7.Nxd4 g6 8.Bg5 Bg7
9.f4 Qd7 10.Nf3 O-O 11.O-O Ne8 12.Bd3 f6 13.Bh4 Qf7 14.f5 gxf5 15.exf5 Qh5
16.Ne2 Ne5 17.Nxe5 fxe5 18.Bf2 Bxf5 19.Bxf5 Qxf5 20.Qd5+ Qf7 21.Qxb7 Nf6 
22.b3 a5 23.Nc3 Rab8 24.Qc6 Qd7 25.Qxd7 Nxd7 26.Nd5 Rb7 27.Bh4 Nf6 28.
Nxf6+ 1-0

[Event "119th NZL-ch op"]
[Site "Queenstown NZL"]
[Date "2012.01.19"]
[Round "5"]
[White "Seabrook, Roy"]
[Black "McDonald, John"]
[Result "0-1"]
[WhiteElo "1873"]
[BlackElo "2068"]
[EventDate "2012.01.15"]
[PlyCount "108"]

1.e4 c5 2.Nf3 e6 3.c3 d5 4.e5 Nc6 5.d4 Qb6 6.Be2 Nge7 7.Na3 cxd4 8.cxd4 
Nf5 9.Nc2 Bb4+ 10.Kf1 Bd7 11.g4 Nh6 12.Nxb4 Qxb4 13.a3 Qb6 14.Bxh6 gxh6 
15.b4 Rg8 16.Rg1 Rc8 17.Rc1 Ke7 18.Rc5 Rcf8 19.Qd2 f6 20.b5 Nxe5 21.Qxh6 
Nxf3 22.Qxh7+ Kd8 23.Bxf3 Bxb5+ 24.Kg2 Bc6 25.Rb1 Qc7 26.Qxc7+ Kxc7 27.h4 
Kd6 28.Rd1 Rg7 29.Be2 Rh8 30.Kg3 e5 31.Rc3 Bd7 32.dxe5+ fxe5 33.Rcd3 Be6 
34.g5 Rf7 35.Bf3 Rf4 36.Bxd5 Rg4+ 37.Kf3 Rf8+ 38.Ke3 Rxh4 39.Bxb7+ Ke7 40.
Rg1 Bf5 41.Rc3 Rd8 42.f3 Rd6 43.Rgc1 Rhd4 44.Be4 Bxe4 45.fxe4 Ra4 46.Rc7+ 
Kf8 47.Rf1+ Kg8 48.Rb1 Rxa3+ 49.Ke2 Rb6 50.Rxb6 axb6 51.Re7 Ra5 52.Re6 Rb5
53.Kd3 Kf7 54.Kc4 Rc5+ 0-1

[Event "119th NZL-ch op"]
[Site "Queenstown NZL"]
[Date "2012.01.19"]
[Round "5"]
[White "Setiabudi, Allen"]
[Black "Brown, Kevin"]
[Result "1/2-1/2"]
[WhiteElo "1966"]
[BlackElo "1728"]
[EventDate "2012.01.15"]
[PlyCount "119"]

1.e4 d5 2.exd5 Qxd5 3.Nc3 Qd8 4.d4 Nf6 5.Bc4 c6 6.Nf3 Bf5 7.O-O e6 8.Bg5 
Be7 9.Qe2 O-O 10.a4 Nbd7 11.Rad1 Re8 12.h3 Nd5 13.Bxe7 Qxe7 14.Rfe1 Kf8 
15.Qd2 Qb4 16.Bb3 Rad8 17.Nh4 Bg6 18.Nxg6+ hxg6 19.Qd3 Nxc3 20.bxc3 Qd6 
21.Qf3 Nf6 22.c4 Rd7 23.c5 Qc7 24.Re5 Rxd4 25.Rde1 Qd7 26.Qe3 Rd1 27.Qf3 
Rxe1+ 28.Rxe1 Qd4 29.Rd1 Qxc5 30.Rd2 Qf5 31.Qe3 b6 32.f3 Nd5 33.Qf2 Qf6 
34.c4 Nb4 35.c5 Rd8 36.cxb6 axb6 37.Rxd8+ Qxd8 38.Qe3 c5 39.a5 Qd4 40.Qxd4
cxd4 41.axb6 Nc6 42.Ba4 Nb8 43.f4 f6 44.Kf2 Ke7 45.Kf3 Kd6 46.Ke4 Kc5 47.
b7 d3 48.Kxd3 Kb6 49.Be8 Kxb7 50.Bxg6 Kc7 51.g4 Kd6 52.h4 e5 53.g5 exf4 
54.gxf6 gxf6 55.Ke4 Ke7 56.h5 Kf8 57.Kxf4 Kg7 58.Be8 Na6 59.Kf5 Nc7 60.h6+
1/2-1/2

[Event "119th NZL-ch op"]
[Site "Queenstown NZL"]
[Date "2012.01.19"]
[Round "5"]
[White "Simmonds, Leteisha"]
[Black "Bennett, Hilton"]
[Result "0-1"]
[WhiteElo "1643"]
[BlackElo "1965"]
[EventDate "2012.01.15"]
[PlyCount "140"]

1.e4 g6 2.d4 Bg7 3.Nc3 d6 4.Be3 a6 5.f4 b5 6.Nf3 Bb7 7.a3 Nd7 8.g3 c5 9.d5
Ngf6 10.Bg2 b4 11.axb4 cxb4 12.Ne2 Nxe4 13.Nfd4 Ndc5 14.c4 Qc8 15.Qc2 Nf6 
16.O-O O-O 17.f5 Ng4 18.Bd2 a5 19.h3 Ne5 20.b3 Ned3 21.Rad1 Ne5 22.g4 Qc7 
23.Be3 a4 24.Nb5 axb3 25.Qxb3 Nxb3 26.Nxc7 Rac8 27.Rb1 Nc5 28.Nb5 Nxc4 29.
Bf4 Nd3 30.Nbd4 Nxf4 31.Rxf4 Be5 32.Rf2 Ne3 33.Rxb4 Bxd5 34.Bxd5 Nxd5 35.
Rb7 Rc4 36.Nf3 Bg7 37.Rf1 Rb4 38.Rxb4 Nxb4 39.Rb1 Nd5 40.Rb5 Nc3 41.Nxc3 
Bxc3 42.Rb7 Re8 43.fxg6 hxg6 44.Kf2 f6 45.Rb3 Rc8 46.Nh4 Kf7 47.Rb7 d5 48.
Ng2 Be5 49.Ne1 Rc7 50.Rb5 Bd4+ 51.Ke2 e6 52.Kd3 Bc5 53.Nf3 e5 54.Nd2 Ke6 
55.Nb3 e4+ 56.Ke2 Ba7 57.Nd2 Ke5 58.Ra5 Bc5 59.Rb5 d4 60.Nb3 Kd5 61.Nxc5 
Rxc5 62.Rb6 Rc6 63.Rb5+ Ke6 64.Rb4 Ke5 65.Rb5+ Kf4 66.Rb2 d3+ 67.Kd2 Rc2+ 
68.Rxc2 dxc2 69.Kxc2 Kg3 70.Kd2 Kxh3 0-1

[Event "119th NZL-ch op"]
[Site "Queenstown NZL"]
[Date "2012.01.19"]
[Round "5"]
[White "Smochina, Carolina"]
[Black "Kempen, Leon"]
[Result "1-0"]
[WhiteElo "2167"]
[BlackElo "1999"]
[EventDate "2012.01.15"]
[PlyCount "135"]

1.c4 Nc6 2.Nc3 e5 3.g3 Bb4 4.Bg2 Nf6 5.Nd5 Bc5 6.e3 Nxd5 7.cxd5 Ne7 8.Ne2 
O-O 9.O-O d6 10.d4 exd4 11.Nxd4 Re8 12.b3 a6 13.Bb2 Ng6 14.Rc1 Qg5 15.b4 
Bb6 16.f4 Qh6 17.Re1 Bd7 18.Nc2 Rac8 19.Bd4 Ba4 20.Qd2 Qh5 21.Bxb6 cxb6 
22.Nd4 Qg4 23.e4 Qd7 24.f5 Ne5 25.f6 Rxc1 26.Rxc1 Qd8 27.fxg7 Bd7 28.Qh6 
Bc8 29.Rf1 b5 30.Kh1 Qb6 31.Ne2 Bg4 32.Ng1 Rc8 33.h3 Bd7 34.Nf3 Nxf3 35.
Bxf3 Qd4 36.Bg2 Qe5 37.Qf6 Be8 38.Qxe5 dxe5 39.Rf5 Kxg7 40.Rxe5 Kf6 41.
Rf5+ Kg7 42.Rf2 Rc4 43.a3 b6 44.Kh2 a5 45.bxa5 bxa5 46.e5 Rc3 47.d6 Rd3 
48.Be4 Rd1 49.g4 b4 50.axb4 axb4 51.Rb2 Rd4 52.Bf5 h6 53.Kg3 Ba4 54.Kf2 f6
55.e6 Rxd6 56.Rxb4 Be8 57.Rb7+ Kg8 58.Kg3 Ra6 59.Rb8 Kf8 60.Kf4 Rd6 61.Bg6
Rxe6 62.Kf5 Re3 63.Kxf6 Rf3+ 64.Ke5 Re3+ 65.Kf4 Re1 66.Kg3 Re3+ 67.Kh4 Re5
68.Bxe8 1-0

[Event "119th NZL-ch op"]
[Site "Queenstown NZL"]
[Date "2012.01.19"]
[Round "5"]
[White "Solomon, Stephen"]
[Black "Lauterbach, Ingrid"]
[Result "0-1"]
[WhiteElo "2375"]
[BlackElo "2053"]
[EventDate "2012.01.15"]
[PlyCount "206"]

1.e4 c5 2.Nf3 e6 3.d4 cxd4 4.Nxd4 a6 5.c4 Nf6 6.Nc3 Qc7 7.Qc2 Bc5 8.Nb3 
Ba7 9.Be2 O-O 10.Bg5 Nc6 11.O-O Bb8 12.f4 Ne8 13.Rad1 f6 14.Bh4 Ne7 15.Qd3
Nd6 16.c5 Nf7 17.Na4 Ba7 18.Kh1 Qc6 19.Qc4 Ng6 20.Bg3 d5 21.cxd6 Qxc4 22.
Bxc4 b5 23.d7 Bb7 24.Nbc5 Bc6 25.Bxe6 bxa4 26.Nxa6 Bb6 27.Nb4 Bb5 28.Nd5 
Ba5 29.Rf2 Rfd8 30.f5 Ne5 31.Bxe5 fxe5 32.f6 g6 33.Ne7+ Kf8 34.Nc8 Ng5 35.
Bd5 Rb8 36.h4 Bxd7 37.hxg5 Rbxc8 38.Kh2 Bg4 39.Rh1 Rc7 40.Kg3 Bc8 41.f7 
Kg7 42.Rhf1 Bb4 43.a3 Bf8 44.Rd2 Bb7 45.Rfd1 Bxd5 46.Rxd5 Rxd5 47.Rxd5 
Kxf7 48.Ra5 Rc4 49.Kf3 Bc5 50.Rb5 Rc2 51.Rb7+ Be7 52.g3 Ke6 53.Rb6+ Bd6 
54.Kg4 Rd2 55.Ra6 Rd4 56.Kf3 Kd7 57.Ra8 Be7 58.Ra7+ Ke6 59.Ra6+ Kf7 60.Ra7
Ke8 61.Ra8+ Bd8 62.Rb8 Kd7 63.Rb7+ Bc7 64.Ra7 Kc6 65.Ra8 Kb7 66.Rh8 Rd7 
67.Re8 Rd3+ 68.Kg4 Re3 69.Re7 Rxe4+ 70.Kf3 Re1 71.Rxh7 e4+ 72.Kf2 Rb1 73.
Ke3 Rxb2 74.Kxe4 Rd2 75.Rg7 Rd6 76.g4 Kc6 77.Rf7 Bb6 78.Rf1 Bc5 79.Rc1 
Re6+ 80.Kf4 Kd5 81.Rd1+ Bd4 82.Rd2 Re4+ 83.Kf3 Re3+ 84.Kf4 Re1 85.Kf3 Kc4 
86.Rc2+ Bc3 87.Kf2 Rb1 88.Kf3 Rf1+ 89.Kg3 Rd1 90.Re2 Rd6 91.Kh4 Kd3 92.Re8
Kc2 93.Re4 Kb3 94.Re3 Kc4 95.Re4+ Bd4 96.Rf4 Kb3 97.Rf3+ Ka2 98.Kg3 Bb2 
99.Kf4 Bxa3 100.Ke5 Ra6 101.Kd5 Rd6+ 102.Kc4 Bb2 103.Kb4 Rd4+ 0-1

[Event "119th NZL-ch op"]
[Site "Queenstown NZL"]
[Date "2012.01.19"]
[Round "5"]
[White "Stojic, Dusan"]
[Black "Bird, Andrew"]
[Result "1-0"]
[WhiteElo "2294"]
[BlackElo "2216"]
[EventDate "2012.01.15"]
[PlyCount "73"]

1.e4 e5 2.Nf3 Nc6 3.Bb5 Nf6 4.O-O Nxe4 5.d4 Nd6 6.Bxc6 dxc6 7.dxe5 Nf5 8.
Qxd8+ Kxd8 9.Nc3 Ke8 10.h3 h5 11.Bg5 Be7 12.Ne2 Be6 13.Nf4 Bd5 14.Bxe7 
Bxf3 15.Bg5 Be4 16.Rad1 Ne7 17.c4 Bf5 18.g3 Ng6 19.Nxg6 fxg6 20.Kg2 Be6 
21.b3 Rf8 22.f3 a5 23.a4 c5 24.g4 Rf7 25.f4 hxg4 26.hxg4 Rf8 27.Kg3 Bd7 
28.Rf2 Ra6 29.Rfd2 Be6 30.Rf2 Rb6 31.Rd3 Bd7 32.Bh4 Ra6 33.f5 gxf5 34.gxf5
Ra8 35.e6 Bc6 36.Rfd2 g5 37.Bxg5 1-0

[Event "119th NZL-ch op"]
[Site "Queenstown NZL"]
[Date "2012.01.19"]
[Round "5"]
[White "Tionko, Efrain"]
[Black "Fuatai, Fuatai"]
[Result "1-0"]
[WhiteElo "1865"]
[BlackElo "2031"]
[EventDate "2012.01.15"]
[PlyCount "63"]

1.e4 c5 2.Nc3 g6 3.f4 Bg7 4.Nf3 Nc6 5.Bb5 Nd4 6.Bc4 e6 7.d3 Ne7 8.Nxd4 
cxd4 9.Ne2 O-O 10.O-O d5 11.Bb3 dxe4 12.dxe4 b6 13.Qd3 a5 14.Bc4 Nc6 15.
Bd2 Qc7 16.Ng3 Bb7 17.Rae1 Rac8 18.b3 Rfd8 19.a4 Qe7 20.Kh1 Nb8 21.f5 Nd7 
22.fxe6 fxe6 23.Bf4 Kh8 24.Qd2 Ne5 25.Bg5 Nxc4 26.bxc4 Qc7 27.Bxd8 Rxd8 
28.Qg5 Rb8 29.Qf4 Be5 30.Qf7 Qxc4 31.Qe7 Qc7 32.Rf8+ 1-0

[Event "119th NZL-ch op"]
[Site "Queenstown NZL"]
[Date "2012.01.19"]
[Round "5"]
[White "Vuglar, Shannon"]
[Black "Cooper, Nigel"]
[Result "1-0"]
[WhiteElo "1581"]
[BlackElo "1802"]
[EventDate "2012.01.15"]
[PlyCount "105"]

1.e4 e5 2.Nf3 Nc6 3.Bb5 Bc5 4.Bxc6 dxc6 5.O-O Nf6 6.Nc3 Bg4 7.d3 Qd6 8.h3 
Bh5 9.Be3 O-O-O 10.Qe2 Nd7 11.g4 Bg6 12.Na4 Bd4 13.Bxd4 exd4 14.b3 f6 15.
Qd2 Ne5 16.Nh2 h5 17.f4 Nd7 18.g5 fxg5 19.fxg5 Rhf8 20.Rxf8 Rxf8 21.Rf1 b5
22.Nb2 Qg3+ 23.Qg2 Qe3+ 24.Kh1 Rxf1+ 25.Qxf1 Qxg5 26.a4 Qd2 27.Qd1 Qc3 28.
Qc1 Ne5 29.Kg1 a6 30.Kf1 Bf7 31.Nd1 Qc5 32.Qg5 Qxc2 33.Nf2 Qc5 34.Qxg7 Qe7
35.Kg2 Qe8 36.axb5 axb5 37.b4 Kb7 38.Nf3 Nxf3 39.Kxf3 Qd7 40.Qe5 Kb6 41.
Qc5+ Kb7 42.Kf4 Qd6+ 43.Qxd6 cxd6 44.e5 dxe5+ 45.Kxe5 Bd5 46.h4 Bf3 47.
Kxd4 Kb6 48.Ne4 Bxe4 49.dxe4 c5+ 50.bxc5+ Kc6 51.e5 b4 52.e6 b3 53.Kc3 1-0

[Event "119th NZL-ch op"]
[Site "Queenstown NZL"]
[Date "2012.01.19"]
[Round "5"]
[White "Wallis, Christopher"]
[Black "Jones, Gawain"]
[Result "1-0"]
[WhiteElo "2259"]
[BlackElo "2653"]
[EventDate "2012.01.15"]
[PlyCount "199"]

1.e4 c5 2.Nf3 g6 3.d4 cxd4 4.Nxd4 Nc6 5.Nc3 Bg7 6.Be3 Nf6 7.Bc4 O-O 8.Bb3 
a5 9.O-O a4 10.Nxa4 Nxe4 11.c4 d6 12.Re1 Ne5 13.Nb5 Bf5 14.Bb6 Qd7 15.Bd4 
Ra6 16.f3 Nf6 17.Bxe5 dxe5 18.Qxd7 Nxd7 19.g4 Bd3 20.Red1 e4 21.fxe4 Ne5 
22.Nc5 Be2 23.Nxa6 bxa6 24.Nc7 Bxd1 25.Rxd1 Nxg4 26.Nxa6 Be5 27.h3 Nf6 28.
c5 Nxe4 29.Bd5 Ng5 30.c6 Nxh3+ 31.Kf1 Bxb2 32.c7 Be5 33.Bb7 Bxc7 34.Nxc7 
Rb8 35.Rb1 Nf4 36.a4 Nd3 37.a5 Nc5 38.a6 Nxa6 39.Nxa6 Rd8 40.Nc5 Rd2 41.
Bf3 Rc2 42.Nd3 Rc7 43.Kf2 Kg7 44.Re1 e6 45.Ke3 Kf6 46.Nf2 Ke7 47.Rh1 h5 
48.Nd3 Kf6 49.Be4 Kg7 50.Ne5 Rc5 51.Kd4 Ra5 52.Bc6 f6 53.Nd7 Rf5 54.Nc5 
e5+ 55.Kd5 Rf2 56.Ke6 Rc2 57.Kd6 f5 58.Be8 Rg2 59.Ke7 e4 60.Ne6+ Kh6 61.
Kf6 f4 62.Nxf4 Rf2 63.Rh4 Ra2 64.Bxg6 Ra6+ 65.Kf5 Ra5+ 66.Kxe4 Ra4+ 67.Kf5
Ra5+ 68.Kf6 Ra6+ 69.Ne6 Ra5 70.Bf7 Rb5 71.Rc4 Rb1 72.Rc5 Rf1+ 73.Rf5 Rxf5+
74.Kxf5 Kh7 75.Kg5 h4 76.Kxh4 Kh6 77.Kg4 Kh7 78.Kg5 Kh8 79.Bg6 Kg8 80.Kf6 
Kh8 81.Nd8 Kg8 82.Nf7 Kf8 83.Bh7 Ke8 84.Ne5 Kf8 85.Nd7+ Ke8 86.Ke6 Kd8 87.
Kd6 Kc8 88.Be4 Kd8 89.Bb7 Ke8 90.Bd5 Kd8 91.Bf7 Kc8 92.Nc5 Kb8 93.Kc6 Kc8 
94.Nb7 Kb8 95.Kb6 Ka8 96.Be8 Kb8 97.Bd7 Ka8 98.Nc5 Kb8 99.Na6+ Ka8 100.
Bc6# 1-0

[Event "119th NZL-ch op"]
[Site "Queenstown NZL"]
[Date "2012.01.19"]
[Round "5"]
[White "Watson, Jean"]
[Black "Press, Harry"]
[Result "0-1"]
[WhiteElo "1571"]
[BlackElo "1884"]
[EventDate "2012.01.15"]
[PlyCount "84"]

1.d4 Nf6 2.Nf3 e6 3.e3 b6 4.Be2 Bb7 5.O-O Be7 6.c4 O-O 7.Nc3 Bb4 8.a3 Bxc3
9.bxc3 Ne4 10.Qc2 d6 11.Nd2 f5 12.Bf3 d5 13.cxd5 exd5 14.c4 c6 15.Bb2 Nd7 
16.Be2 Qe7 17.cxd5 cxd5 18.a4 Rfc8 19.Qd3 Qb4 20.Nb3 Nc3 21.Bxc3 Rxc3 22.
Qxf5 Nf6 23.Nc1 Qb2 24.Qb1 Qxb1 25.Rxb1 Ne4 26.Ra1 Rac8 27.Nd3 Ba6 28.Rfc1
Bxd3 29.Rxc3 Rxc3 30.Bg4 Nf6 31.Bf3 Kf7 32.g3 Ke6 33.h3 Rc2 34.Bd1 Rd2 35.
f3 Be2 36.Bxe2 Rxe2 37.Ra3 Kd6 38.Kf1 Rc2 39.Rb3 Ra2 40.Rb4 g5 41.e4 dxe4 
42.fxe4 Nxe4 0-1

[Event "119th NZL-ch op"]
[Site "Queenstown NZL"]
[Date "2012.01.19"]
[Round "5"]
[White "Xie, George Wendi"]
[Black "Ly, Moulthun"]
[Result "1/2-1/2"]
[WhiteElo "2459"]
[BlackElo "2376"]
[EventDate "2012.01.15"]
[PlyCount "163"]

1.e4 c5 2.Nf3 e6 3.c3 d5 4.exd5 exd5 5.d4 Nc6 6.Bb5 c4 7.Qe2+ Be7 8.b3 
cxb3 9.axb3 Nf6 10.Ne5 Bd7 11.Nxd7 Qxd7 12.O-O O-O 13.Rd1 Rfe8 14.Qf3 Nxd4
15.Bxd7 Nxf3+ 16.gxf3 Nxd7 17.Be3 a6 18.Rxd5 Nf6 19.Rd1 Rad8 20.Nd2 Nd5 
21.Bd4 Nf4 22.Kf1 Ne6 23.Bb6 Rd3 24.Ne4 Rxf3 25.Kg2 Rf5 26.c4 Re5 27.f3 f5
28.Nf2 Bc5 29.Bxc5 Rxc5 30.Nd3 Rc7 31.Nb4 Kf7 32.Nd5 Rd7 33.Kf2 Red8 34.
Re1 Nc7 35.Nb6 Rd6 36.c5 Rh6 37.Nc4 Rxh2+ 38.Kg3 Rc2 39.Re5 Kf6 40.Rae1 
Rd5 41.Re7 Rxc5 42.Nb6 f4+ 43.Kxf4 Rf5+ 44.Kg3 Kg6 45.Nc4 Rg5+ 46.Kh3 Nd5 
47.R7e6+ Kh5 48.R1e4 Nf6 49.Rf4 Rcg2 50.Re5 Kg6 51.Re7 R2g3+ 52.Kh4 h6 53.
Ne5+ Kh7 54.Rxf6 Rxe5 55.Rxb7 Rg1 56.Rf4 Re2 57.Kh3 Rh1+ 58.Kg4 Rg1+ 59.
Kh3 Rg6 60.Rg4 Ree6 61.b4 Ref6 62.Rxg6 Kxg6 63.Kg3 Rd6 64.b5 axb5 65.Rxb5 
Kf6 66.Rb3 Rd5 67.Rb6+ Kf5 68.Rb3 g5 69.Rb8 Rd6 70.Rb5+ Kg6 71.Rb3 Rf6 72.
Rb4 Rc6 73.Kg4 h5+ 74.Kg3 Rc5 75.Rb8 h4+ 76.Kh3 Rc1 77.Rg8+ Kf5 78.Rf8+ 
Ke5 79.Kg2 Rc2+ 80.Kh3 Rf2 81.Rf7 Kd4 82.Rf5 1/2-1/2

[Event "119th NZL-ch op"]
[Site "Queenstown NZL"]
[Date "2012.01.19"]
[Round "5"]
[White "Yao Yow Jen, Winston"]
[Black "Judkins, Gary"]
[Result "1-0"]
[WhiteElo "1807"]
[BlackElo "1619"]
[EventDate "2012.01.15"]
[PlyCount "62"]

1.e4 c5 2.Nc3 d6 3.f4 Nf6 4.Nf3 e6 5.Be2 Be7 6.O-O O-O 7.d3 Ne8 8.Qe1 f5 
9.h3 Nc6 10.g4 Nd4 11.Nxd4 cxd4 12.Nd1 Bh4 13.Qb4 e5 14.gxf5 Bg3 15.c4 Kh8
16.Bf3 Qh4 17.Bg2 Nf6 18.Nf2 Bxf5 19.exf5 Rac8 20.Qb3 Rc7 21.Ne4 Nh5 22.
fxe5 Bf4 23.exd6 Rcf7 24.f6 Be3+ 25.Bxe3 dxe3 26.fxg7+ Kxg7 27.Rxf7+ Rxf7 
28.Qc3+ Kh6 29.Qe1 Ng3 30.Qxg3 Qd8 31.Qxe3+ Kg7 1-0

[Event "119th NZL-ch op"]
[Site "Queenstown NZL"]
[Date "2012.01.19"]
[Round "5"]
[White "Zelesco, Karl"]
[Black "Haznedaroglu, Kivanc"]
[Result "0-1"]
[WhiteElo "1990"]
[BlackElo "2455"]
[EventDate "2012.01.15"]
[PlyCount "58"]

1.Nf3 Nf6 2.c4 c6 3.e3 d5 4.Nc3 e6 5.b3 Nbd7 6.Bb2 Bd6 7.Qc2 O-O 8.Be2 a6 
9.Rg1 Qe7 10.g4 Ba3 11.g5 Ne8 12.O-O-O b5 13.cxd5 Bxb2+ 14.Kxb2 cxd5 15.
Nd4 Bb7 16.Rdf1 Nd6 17.f4 Rfc8 18.Qd1 Nc5 19.f5 b4 20.Nb1 exf5 21.Nxf5 
Nxf5 22.Rxf5 g6 23.Rf4 Qe5+ 24.d4 Qxe3 25.Rf3 Nd3+ 26.Qxd3 Qxg1 27.h4 Qc1+
28.Ka1 Rc2 29.Qxc2 Qxc2 0-1

[Event "119th NZL-ch op"]
[Site "Queenstown NZL"]
[Date "2012.01.19"]
[Round "5"]
[White "Zhang Jie Wen, William"]
[Black "Guo, Emma"]
[Result "0-1"]
[WhiteElo "1849"]
[BlackElo "2010"]
[EventDate "2012.01.15"]
[PlyCount "52"]

1.e4 e5 2.Nf3 Nc6 3.Bb5 f5 4.d3 fxe4 5.dxe4 Nf6 6.O-O Bc5 7.Qd3 d6 8.Qc4 
Bd7 9.Qe2 O-O 10.c3 Kh8 11.a4 a6 12.Bd3 Bg4 13.Nbd2 Nh5 14.Bc2 Qf6 15.Bd1 
Nf4 16.Qe1 Ne7 17.b4 Ba7 18.Ba3 Neg6 19.Be2 Nxe2+ 20.Qxe2 Nf4 21.Qd1 Qh6 
22.Rb1 Nxg2 23.Kxg2 Qh3+ 24.Kg1 Bxf3 25.Nxf3 Rxf3 26.Bb2 Rf6 0-1

[Event "119th NZL-ch op"]
[Site "Queenstown NZL"]
[Date "2012.01.19"]
[Round "5"]
[White "Zhao Jun"]
[Black "Tao, Trevor"]
[Result "1-0"]
[WhiteElo "2569"]
[BlackElo "2422"]
[EventDate "2012.01.15"]
[PlyCount "95"]

1.c4 f5 2.d4 Nf6 3.Nc3 e6 4.Nf3 Bb4 5.Qb3 Qe7 6.g3 b6 7.Bg2 Bb7 8.O-O Bxc3
9.Qxc3 O-O 10.Bg5 h6 11.Bxf6 Qxf6 12.Rac1 Be4 13.d5 Bxf3 14.Qxf3 e5 15.c5 
bxc5 16.Rxc5 Na6 17.Ra5 Qd6 18.Qc3 Rab8 19.a3 Rb6 20.b4 e4 21.Rc1 Rb7 22.
e3 Nb8 23.Bf1 c6 24.Rd1 Qe7 25.d6 Qf6 26.Qc5 a6 27.a4 Qb2 28.Rd4 Kh7 29.
Kg2 Rf6 30.Kg1 Qa1 31.h4 Qe1 32.h5 Rf8 33.Kg2 Kh8 34.Rc4 Qd2 35.Kg1 Qd1 
36.Qe5 Kh7 37.Qf4 Qxh5 38.Rxe4 Qg5 39.Qf3 fxe4 40.Qxf8 Qf6 41.Qe7 Rxb4 42.
Bg2 Kg8 43.Qe8+ Qf8 44.Qg6 Rb1+ 45.Kh2 Qxf2 46.Re5 Qg1+ 47.Kh3 Rf1 48.Bxe4
1-0

[Event "119th NZL-ch op"]
[Site "Queenstown NZL"]
[Date "2012.01.19"]
[Round "5"]
[White "Zhao Xue"]
[Black "Kharisma Sukandar, Irine"]
[Result "1-0"]
[WhiteElo "2551"]
[BlackElo "2325"]
[EventDate "2012.01.15"]
[PlyCount "74"]

1.d4 Nf6 2.c4 e6 3.Nc3 Bb4 4.Qc2 c5 5.dxc5 Qa5 6.Bd2 Qxc5 7.e3 Nc6 8.a3 
Bxc3 9.Bxc3 Qe7 10.Rd1 O-O 11.Nf3 h6 12.Be2 Rd8 13.O-O d6 14.b4 b6 15.b5 
Nb8 16.Bxf6 Qxf6 17.Qe4 d5 18.cxd5 Bb7 19.Bc4 a6 20.Ne5 axb5 21.Nxf7 Rf8 
22.Nd6 bxc4 23.Nxb7 exd5 24.Rxd5 Rxa3 25.Qxc4 Rc3 26.Qa2 Kh8 27.Nd6 Qg6 
28.Nf5 Nc6 29.e4 Nb4 30.Ne7 Qf7 31.Qb2 Rc2 32.Ng6+ Kg8 33.Qb1 Nxd5 34.Nxf8
Rc5 35.exd5 Kxf8 36.d6 b5 37.Qe4 Qd7 1-0

[Event "119th NZL-ch op"]
[Site "Queenstown NZL"]
[Date "2012.01.20"]
[Round "6"]
[White "Akshat, Khamparia"]
[Black "Smochina, Carolina"]
[Result "1/2-1/2"]
[WhiteElo "2414"]
[BlackElo "2167"]
[EventDate "2012.01.15"]
[PlyCount "110"]

1.d4 Nf6 2.Bg5 d6 3.Nc3 Nbd7 4.e4 e5 5.Nf3 Be7 6.dxe5 dxe5 7.Bc4 h6 8.Bh4 
c6 9.O-O O-O 10.Bg3 Qc7 11.Nh4 b5 12.Bd3 Nc5 13.Qe2 Ne6 14.Nf5 Bc5 15.Kh1 
Nd4 16.Nxd4 Bxd4 17.Nd1 Bg4 18.f3 Be6 19.c3 Bc5 20.f4 Bg4 21.Qc2 Nh5 22.
Bf2 Bxf2 23.Nxf2 Bd7 24.f5 c5 25.Rfd1 c4 26.Be2 Nf6 27.Bf3 Bc6 28.Qe2 Rad8
29.Rxd8 Rxd8 30.Rd1 Rxd1+ 31.Qxd1 Nd7 32.g3 Nc5 33.Kg2 Qd7 34.Qxd7 Bxd7 
35.Bd1 Bc6 36.Kf3 f6 37.Ke3 Kf8 38.Bc2 Ke7 39.h4 Be8 40.g4 Bf7 41.Nh3 a5 
42.a3 a4 43.Nf2 Be8 44.Nh3 Kd7 45.g5 hxg5 46.hxg5 Kd6 47.g6 Bc6 48.Ng1 Nb7
49.Kf3 Kc7 50.Ne2 Nd6 51.Ng3 Ne8 52.Ne2 Nd6 53.Ng3 Ne8 54.Nh5 Bb7 55.Bd3 
Kd6 1/2-1/2

[Event "119th NZL-ch op"]
[Site "Queenstown NZL"]
[Date "2012.01.20"]
[Round "6"]
[White "Ayaz, Hacer"]
[Black "Setiabudi, Allen"]
[Result "0-1"]
[WhiteElo "1846"]
[BlackElo "1966"]
[EventDate "2012.01.15"]
[PlyCount "102"]

1.d4 Nf6 2.c4 e5 3.dxe5 Ng4 4.Nf3 Nc6 5.Bf4 Bb4+ 6.Nbd2 Qe7 7.e3 Ngxe5 8.
Be2 Bd6 9.Nxe5 Bxe5 10.Bxe5 Qxe5 11.Qb3 d6 12.O-O O-O 13.Bd3 a5 14.a3 a4 
15.Qc2 h6 16.Ne4 f5 17.Nc3 f4 18.exf4 Qxf4 19.Nd5 Nd4 20.Qd1 Qf7 21.Be4 
Nc6 22.f4 Kh8 23.Qd3 Be6 24.Rae1 Bxd5 25.Bxd5 Qf6 26.Rf2 Rae8 27.Ref1 Re7 
28.Qd1 Rfe8 29.Qxa4 Nd4 30.Bxb7 Ne2+ 31.Kh1 Qh4 32.Rf3 Nd4 33.g3 Qh5 34.
R3f2 Re2 35.Rxe2 Rxe2 36.Qa8+ Kh7 37.Bg2 c6 38.Qf8 Rxg2 39.Kxg2 Qe2+ 40.
Rf2 Qe4+ 41.Kh3 Qe1 42.Rg2 Qe6+ 43.g4 Qxc4 44.Qxd6 Qd3+ 45.Rg3 Qf1+ 46.Kh4
Qf2 47.h3 Nf3+ 48.Kh5 Qc5+ 49.f5 Qxd6 50.Rxf3 Qf6 51.h4 Qf7# 0-1

[Event "119th NZL-ch op"]
[Site "Queenstown NZL"]
[Date "2012.01.20"]
[Round "6"]
[White "Bennett, Hilton"]
[Black "Duneas, John"]
[Result "0-1"]
[WhiteElo "1965"]
[BlackElo "2087"]
[EventDate "2012.01.15"]
[PlyCount "106"]

1.e4 Nf6 2.d3 e5 3.Nf3 Nc6 4.c3 d5 5.Qc2 a5 6.a4 Bc5 7.Be2 O-O 8.O-O Re8 
9.Na3 Bg4 10.Nb5 Bb6 11.Bg5 dxe4 12.dxe4 h6 13.Bh4 Qe7 14.Rad1 Rad8 15.h3 
Be6 16.Na3 g5 17.Bg3 Qc5 18.Bb5 Rxd1 19.Rxd1 Nd7 20.Bxc6 bxc6 21.Rd2 f6 
22.Nh2 Qe7 23.Ng4 Kh7 24.Qd1 Kg7 25.Nc4 Nc5 26.Nxf6 Bxc4 27.Nxe8+ Qxe8 28.
b4 axb4 29.cxb4 Nxe4 30.Rd7+ Bf7 31.Rd3 Bd5 32.h4 Qe7 33.b5 gxh4 34.Qg4+ 
Qg5 35.Bxe5+ Kg6 36.Qxg5+ hxg5 37.bxc6 Bxc6 38.Rd8 Bxa4 39.Rb8 Kf5 40.Bb2 
Bxf2+ 41.Kf1 Bb6 42.Rf8+ Kg4 43.Rd8 Bb5+ 44.Ke1 Kg3 45.Bd4 c5 46.Be5+ Kxg2
47.Rb8 Ba5+ 48.Kd1 Bd7 49.Ke2 Bc3 50.Bxc3 Nxc3+ 51.Ke1 Ne4 52.Rf8 h3 53.
Rf7 h2 0-1

[Event "119th NZL-ch op"]
[Site "Queenstown NZL"]
[Date "2012.01.20"]
[Round "6"]
[White "Bird, Andrew"]
[Black "Armstrong, Malcolm"]
[Result "1/2-1/2"]
[WhiteElo "2216"]
[BlackElo "2016"]
[EventDate "2012.01.15"]
[PlyCount "112"]

1.Nf3 Nf6 2.g3 b5 3.Bg2 Bb7 4.Na3 a6 5.c4 b4 6.Nc2 e6 7.O-O Be7 8.a3 a5 9.
axb4 axb4 10.Rxa8 Bxa8 11.Ncd4 O-O 12.d3 c5 13.Qa4 Nc6 14.Nb5 d6 15.Bf4 e5
16.Bg5 Qd7 17.Nd2 Bb7 18.Na7 Ra8 19.Bxc6 Bxc6 20.Qxc6 Rxa7 21.Qxd7 Rxd7 
22.Bxf6 Bxf6 23.Ra1 g6 24.e4 Bg5 25.Nb3 h5 26.Ra6 h4 27.Kg2 hxg3 28.hxg3 
Kf8 29.Kf3 Ke7 30.Na5 Rc7 31.Nc6+ Kd7 32.Na7 Be7 33.Nb5 Rb7 34.Kg4 Ke6 35.
Ra8 f5+ 36.Kf3 Rd7 37.b3 Bg5 38.exf5+ gxf5 39.g4 fxg4+ 40.Kxg4 Bf6 41.Re8+
Be7 42.Rc8 Bd8 43.Kf3 Kf5 44.Rc6 Ke6 45.Ke4 Ba5 46.f4 exf4 47.d4 f3 48.d5+
Kf6 49.Kxf3 Ke5 50.Ra6 Bd8 51.Ke3 Bg5+ 52.Ke2 Bf4 53.Ra7 Rxa7 54.Nxa7 Kd4 
55.Nb5+ Ke4 56.Na7 Bh6 1/2-1/2

[Event "119th NZL-ch op"]
[Site "Queenstown NZL"]
[Date "2012.01.20"]
[Round "6"]
[White "Bischoff, Klaus"]
[Black "Gu Xiaobing"]
[Result "0-1"]
[WhiteElo "2537"]
[BlackElo "2244"]
[EventDate "2012.01.15"]
[PlyCount "90"]

1.d4 Nf6 2.c4 g6 3.Nc3 Bg7 4.Nf3 d6 5.h3 O-O 6.Bf4 Nbd7 7.e3 Re8 8.Be2 c6 
9.O-O a6 10.a4 a5 11.Bh2 Qb6 12.Qc2 Nb8 13.e4 Na6 14.Rad1 Nd7 15.c5 dxc5 
16.d5 Nb4 17.Qc1 Nf6 18.Rfe1 cxd5 19.exd5 Bf5 20.Ne5 Bc2 21.Rd2 Bh6 22.f4 
c4+ 23.Kh1 Nd3 24.Nxd3 cxd3 25.Bxd3 Bxd3 26.Rxd3 Rac8 27.g4 Bg7 28.Qd2 h5 
29.Qg2 hxg4 30.hxg4 Qb4 31.Rde3 Bf8 32.R1e2 Red8 33.Qf3 Qc4 34.Re5 Rc5 35.
Bg1 Rcc8 36.g5 Nh5 37.R5e4 Qb3 38.R4e3 Rc4 39.Bh2 Ng7 40.Bg1 Nf5 41.Rd3 
Qb4 42.Ne4 Nd6 43.Rb3 Qxa4 44.Ra3 Qd1 45.Nf2 Qf1 0-1